[Event "Clarin GP final"]
[Site "Villa Gesell"]
[Date "1998.03.13"]
[Round "7"]
[White "Soppe, Guillermo"]
[Black "Garcia Palermo, Carlos H"]
[Result "1-0"]
[WhiteElo "2455"]
[BlackElo "2475"]
[Annotator "Huebner,R"]
[PlyCount "65"]
[EventDate "1998.03.07"]
[EventType "tourn"]
[EventRounds "11"]
[EventCountry "ARG"]
[EventCategory "10"]
[SourceTitle "CBM 064"]
[Source "ChessBase"]
[SourceDate "1998.06.02"]
[SourceVersion "1"]
[SourceVersionDate "1998.06.02"]
[SourceQuality "1"]

1. Nf3 d5 2. c4 c6 3. d4 Nf6 4. Nc3 a6 5. a4 g6 {5...e6 gefällt mir besser.} 6.
e3 Bg7 7. Be2 O-O 8. O-O Bg4 {Es ist die Schlechter-Variante mit Einschaltung
der Züge a2-a4 und a7-a6 entstanden. Dies bedeutet einen substantiellen
Unterschied, wie Weiß sogleich demonstrieren wird. Folgende andere
Fortsetzungen sind hier probiert worden:} (8... c5 9. dxc5 dxc4 10. Qxd8 Rxd8
11. Bxc4 Nbd7 12. Rd1 Rf8 13. e4 Nxc5 14. e5 Nfd7 15. Bg5 e6 16. Be7 Re8 17.
Bd6 b6 18. b4 Nb7 19. Bc7 $16 {Bagaturov,G-Kargoll,B, Brno-C 1994, EXT 94.}) (
8... Ne4 9. cxd5 Nxc3 10. bxc3 cxd5 $10 {Fernandez Idoipe,J-Gomez Cabreso,L,
Zaragoza op-C 1995, EXT 95 op.}) (8... a5 $5 9. Qb3 Na6 10. Bd2 Nb4 11. Rfd1
Be6 {Baumegger,S-Gaertner, G/Oberwart op (05) ;EXP 53 1996 - (30)}) 9. Qb3 {
Weil das Zugpaar 4...a6 5.a4 im Vergleich zur Schlechter-Variante
eingeschaltet ist, fehlt dem Schwarzen jetzt die Möglichkeit zu 9...Db6.} Ra7 {
Dies ist natürlich einigermaßen häßlich.} 10. a5 e6 11. h3 Bxf3 12. Bxf3 Nbd7
13. Rd1 b5 {Obwohl der Textzug nicht überzeugend aussieht, weil der a-Bauer
des Schwarzen isoliert bleibt, ist er nicht einfach zu widerlegen. Sein
Vorteil besteht darin, daß er den Weißen daran hindert, die Initiative im
Zentrum zu ergreifen, und den Figuren des Schwarzen Bewegungsfreiheit
verschafft.} (13... Qc7 {geschah in der Partie Ehlvest,J-Miles,A, Biel 1996.
Ich gebe einige Hinweise zum weiteren Verlauf der Partie:} 14. e4 dxe4 15. Nxe4
Nxe4 16. Bxe4 e5 {Dieser Zug gefällt mir nicht; die Änderung der
Bauernstruktur begünstigt die Aktivität der weißen Läufer. V. Tukmakow
schreibt: "16...c5 17.d5 Sf6 18.d6! ist noch schlechter für Schwarz." (New in
Chess 6/1996, S.39). Dies ist sicherlich richtig; aber nach 16...Taa8 sehe ich
noch keinen allzu großen Vorteil für Weiß.} (16... Raa8 $5 17. Be3 Rad8 $14)
17. d5 f5 (17... c5 18. d6 {ist außerordentlich unerfreulich für Schwarz.}) (
17... Nc5 18. Qe3 cxd5 19. Rxd5 Rc8 20. b4 {kostet den Nachziehenden Material.}
) (17... cxd5 18. Bxd5 {läßt Schwarz in einer strategisch hoffnungslosen Lage
zurück.}) 18. Be3 Raa8 19. dxc6 {Solange Schwarz das Feld d5 kontrolliert, ist
der Vorstoß d5-d6 weniger wirksam. Weiß will die Stellung für sein Läuferpaar
öffnen; vielleicht war 19.d6 dennoch stärker.} bxc6 20. Bb6 {Die Dame des
Schwarzen wird abgedrängt und das Feld d8 unter Kontrolle genommen. Es spielt
keine entscheidende Rolle, daß der Läufer keine Züge mehr haben wird.} Qb7 $2 (
20... Qc8 $5 21. c5+ Kh8 22. Bd3 e4 23. Bc4 Ne5 {war ein entschieden besserer
Verteidigungsversuch.}) 21. c5+ Rf7 (21... Kh8 {wird mit} 22. Qe6 {(V.Tukmakow,
New in Chess 6/1996, S.39) beantwortet:} Nxb6 23. axb6 Rf6 24. Bxc6 Qxc6 25.
Qxc6 Rxc6 26. Rxa6 Rb8 27. b4 e4 28. Rd5 Rcc8 29. b5 {Schwarz wird den
Freibauern des Weißen nicht gewachsen sein.}) 22. Bb1 $1 Raf8 (22... Nf6 23.
Ba2 Nd5 24. Rxd5 cxd5 25. Qxd5 {kann der Nachziehende auch nicht überleben.})
23. Ba2 Kh8 24. Qxf7 Rxf7 25. Bxf7 Bf8 (25... Nxb6 26. axb6 Qxf7 27. Rd8+ Bf8
28. Rxa6 $18 {(V. Tukmakov, loc. cit.) Es gibt keine Rettung mehr für Schwarz;
seine Damenflügelbauern sind dem Tode geweiht.}) 26. Be6 {1-0 Ehlvest,J-Miles,
A/Biel SKA 1996 (37)}) 14. axb6 Nxb6 15. c5 Nbd7 16. Qa4 Qc7 17. Qa5 Qb7 18.
Be2 Rb8 19. Bd2 Ne8 20. Na2 {Obwohl das Manöver in der Partie von Erfolg
gekrönt ist, überzeugt es mich nicht besonders.} (20. b4 {war plausibler, um
auf e6-e5 gegebenenfalls d4xe5 zur Hand zu haben.}) 20... Nc7 21. Nb4 e5 $2 (
21... Rba8 {war nötig; Schwarz setzt mit Sc7-b5 fort. Der Vorteil des Weißen
ist wohl nur gering.}) 22. Qa4 $18 exd4 23. exd4 Bxd4 (23... Nb5 {ist
ebenfalls hoffnungslos:} 24. Bxb5 cxb5 25. Qb3 Nf6 (25... Nf8 26. Bf4 $18) 26.
Bg5 Ne4 27. c6 Qa8 28. Qxd5 $18) 24. Nxc6 Nxc5 25. Qxd4 ({Noch einfacher war} 
25. Ne7+ Kf8 26. Qxd4 Nb3 27. Qf6 Nxd2 28. Nc6 $18) 25... Qxc6 26. Bc3 f6 27.
Ra5 Nb5 28. Bxb5 Rxb5 29. Rxb5 axb5 30. Bb4 Na6 31. Qxa7 Nxb4 32. Qe7 Qc2 33.
Ra1 1-0

[Event "SWE-DEN"]
[Site "Skaenninge"]
[Date "1998.04.21"]
[Round "2"]
[White "Hoi, Carsten"]
[Black "Hellsten, Johan"]
[Result "1/2-1/2"]
[WhiteElo "2430"]
[BlackElo "2460"]
[Annotator "Huebner,R"]
[PlyCount "133"]
[EventDate "1998.04.20"]
[EventType "team"]
[EventRounds "2"]
[EventCountry "SWE"]
[SourceTitle "CBM 065"]
[Source "ChessBase"]
[SourceDate "1998.08.06"]
[SourceVersion "1"]
[SourceVersionDate "1998.08.06"]
[SourceQuality "1"]

1. d4 {Hecht} d5 2. Nf3 Nf6 3. c4 c6 4. Nc3 a6 5. a4 g6 6. e3 Bg7 7. Be2 O-O 8.
O-O dxc4 9. Ne5 Ne8 10. Nxc4 Be6 11. a5 Nd7 12. Bd2 (12. b4 $5) 12... Bxc4 13.
Bxc4 c5 14. dxc5 Nxc5 15. Qe2 Nd6 16. Ba2 e6 17. Rfd1 Qe7 18. f3 Rfd8 19. Rac1
Rac8 20. e4 Bd4+ 21. Be3 Bxe3+ 22. Qxe3 Ne8 23. e5 Nd7 24. f4 Qc5 (24... Qb4
$142 $11) 25. Qxc5 Nxc5 26. Rxd8 Rxd8 27. b4 Nd7 28. Ne4 (28. Rd1 $5 Rc8 29.
Ne4 $14) 28... Kf8 29. Kf2 $2 {Weiß sollte Sd7-b8 mit Se4-c5 beantworten
können. Stärker war die prophylaktische Deckung des Bauern auf f4 mittels} (29.
g3 {oder die Fortsetzung}) (29. Bb3) 29... Nb8 30. Ke3 Nc6 31. Rb1 Rd4 32. b5
axb5 33. Rxb5 Ra4 34. Bb3 Ra3 35. Nc5 Nxa5 36. Kd4 Nc7 37. Rb6 Nxb3+ $6 ({Nach
} 37... Na8 38. Rd6 b6 39. Nd7+ Ke7 40. Bc2 Ra2 (40... Nb7 41. Nxb6 Nxd6 42.
exd6+ Kd8 43. Nc4 Ra6 44. Kc5 {oder}) (40... Nc7 41. Nxb6 Nb5+ 42. Kc5 Nxd6 43.
exd6+ Kd8 44. Kb4 Ra2 45. Be4 {ist auch nicht überzeugend.}) 41. Kd3 Nc4 42.
Kxc4 Rxc2+ 43. Kb3 Rc8 (43... Rxg2 44. Nf6 {kostet den Schwarzen Material.})
44. Nf6 {kann sich Weiß halten.}) (37... Ke7 {kam dagegen sehr in Betracht;
jetzt ist 38...Sa8 nebst 39...b6 schon eine tödliche Drohung, und Weiß hat
keien vernünftigen Züge.}) 38. Nxb3 Ra4+ 39. Kc5 Na6+ $2 {Der Springer hat am
Rande nichts zu suchen.} (39... Nd5 40. Rxb7 Nxf4 {führte zum Gewinn.}) 40. Kd6
$2 (40. Kb5 Rb4+ (40... Rxf4 41. Rxb7 Nb4 42. g3 Rg4 43. h3 Re4 44. Nc5 Rd4 45.
Nb3 $11) 41. Ka5 Rxb6 42. Kxb6 Nb4 43. g3 {ergab eine klare Remisstellung.})
40... Rb4 41. Rxb4 Nxb4 {[#] Hecht The same good king position will lets White
neutralize the b-pawn also gives him problems with securing his kingside pawns.
[#] Hecht Die gute Königsposition, um den b-Bauern zu neutralisieren beschert
Weiß Probleme bei der Sicherung der Bauern am Königsflügel.} 42. Nc5 Nd5 43. g3
b6 44. Ne4 Ke8 $6 (44... b5 $5) 45. Kc6 Ke7 46. Nd6 Ne3 47. Ne4 Ng4 48. h3 f5
49. Nd6 $2 (49. exf6+ Nxf6 50. Nc3 h6 {überläßt dem Schwarzen noch
Gewinnaussichten; am einfachsten war}) (49. Nc3 Nf2 50. h4 Ne4 51. Ne2 {
und Weiß hält mühelos remis.}) (49. Ng5 {Hecht} Nf2 (49... h6 $2 50. hxg4 hxg5
51. fxg5 fxg4 52. Kxb6 $18) 50. Nxh7 Nxh3 51. Ng5 Ng1 52. Kxb6 Ne2 53. Kc5 Nxg3
54. Kd4 $15 Ne2+ 55. Ke3 Nc3 56. Kf3 Na4 {[%cal Ya4c5,Yc5b7,Yb7d8,Yd8f7,Rf7e5,
Rf7g5]}) 49... Nf2 50. Nc8+ Kd8 51. Nxb6 Ne4 (51... Nxh3 {Hecht} 52. Kd6) 52.
g4 fxg4 53. hxg4 h5 {[#] Hecht The distant passed pawn still leaves White in
difficulty. [#] Hecht Der entfernte Freibauer läßt Weiß nochmals in
Schwierigkeiten kommen.} 54. f5 h4 $2 (54... exf5 55. gxf5 gxf5 56. Nd5 h4 57.
Nf4 Ng5 {hätte Weiß nicht überlebt.} 58. e6 {Hecht} (58. Nd3 h3 59. Nf2 h2 60.
Kd5 Ne4 61. Nh1 Ke7 62. Kd4 Ke6 63. Ke3 Kxe5 64. Kf3 f4 65. Kg2 Ng3 66. Kxh2
Nxh1 67. Kxh1 Ke4 68. Kg2 Ke3 $19) 58... h3 (58... Ke7 59. Ng6+ Kxe6 60. Nxh4
f4 61. Kc5 $11) 59. Kd6 Ne4+ 60. Ke5 h2 $19) 55. fxg6 Ke8 56. Nc4 Ng5 57. Nd2
Kf8 58. Kd7 Kg7 59. Ke7 Kxg6 60. Nf1 h3 61. Nh2 Kg7 62. Nf1 Kh6 63. Kf6 Nf3 64.
Kxe6 Kg5 65. Kd5 Nxe5 66. Kxe5 Kxg4 67. Ke4 1/2-1/2

[Event "Bundesliga 0203"]
[Site "Germany"]
[Date "2003.01.12"]
[Round "9.3"]
[White "Ribli, Zoltan"]
[Black "Peng, Zhaoqin"]
[Result "1-0"]
[WhiteElo "2568"]
[BlackElo "2443"]
[Annotator "Huebner,R"]
[PlyCount "103"]
[EventDate "2002.10.19"]
[EventType "team-tourn"]
[EventRounds "15"]
[EventCountry "GER"]
[SourceTitle "CBM 093"]
[Source "ChessBase"]
[SourceDate "2003.04.01"]
[SourceVersion "1"]
[SourceVersionDate "2003.04.01"]
[SourceQuality "1"]
[WhiteTeam "Tegernsee"]
[BlackTeam "Emsdetten Turm"]
[WhiteTeamCountry "GER"]
[BlackTeamCountry "GER"]

1. Nf3 d5 2. d4 c6 3. c4 Nf6 4. Nc3 a6 5. a4 g6 6. e3 Bg7 7. Be2 O-O 8. O-O
dxc4 9. Bxc4 Bg4 10. h3 Bxf3 11. Qxf3 Nbd7 12. Rd1 Qc7 13. e4 b5 14. axb5 axb5
15. Rxa8 Rxa8 16. Bb3 b4 17. Na4 e5 18. Be3 Re8 19. d5 cxd5 20. exd5 Rc8 21.
Qe2 Qb7 22. Bc4 Ra8 23. Bb5 Ra5 24. Bc6 Qc7 25. b3 Bf8 26. Qc2 $2 (26. Qd2 $14)
26... h5 $2 (26... Nxd5 $17) 27. d6 $6 (27. Qb1 $14) 27... Bxd6 28. Qc4 Be7 $2
{Schwarz stellt eine Figur ein.} (28... Bf8 {genügt zum Ausgleich, denn nun
kann} 29. Bxd7 {mit} Qxc4 30. bxc4 Nxd7 31. Rxd7 Rxa4 {pariert werden.}) 29.
Bxd7 $18 Qxd7 30. Bc5 {Offenbar ist die Notation verdorben, wie so oft.} Bxc5
31. Rxd7 Nxd7 32. Nxc5 Rxc5 33. Qxb4 Kf8 34. Qb7 Ke7 35. b4 Rc1+ 36. Kh2 Rd1
37. f4 exf4 38. Qe4+ Kf8 39. Qxf4 Rd5 40. Qc4 Rd6 41. b5 Ke7 42. Kg3 Rf6 43.
Kh4 Nb6 44. Qb4+ Rd6 45. Kg5 Nd5 46. Qc5 Ke6 47. Kh6 Ne7 48. b6 Nf5+ 49. Kg5
Rd7 50. Qc4+ Kd6 51. Qa6 Nd4 52. b7+ 1-0